000
00296nam a22001337a 4500
008
181224b xxu||||| |||| 00| 0 eng d
020
_a
0030577233
041
_a
eng
080
_2
2nd
_a
510
100
_a
36
101
_a
MAT
245
_a
Precalculus Mathematics
_c
Flanders,H
942
_2
udc
_c
BK
999
_c
53710
_d
53710